[Event "Deutsche Ländermeisterschaft 2021"]
[Site "Neumünster GER"]
[Date "2021.10.02"]
[Round "1"]
[White "Musiolik, David"]
[Black "Müller, Magnus"]
[Result "1/2-1/2"]
[Termination "normal"]
[Board "5.2"]
[WhiteElo "2200"]
[BlackElo "2047"]
[WhiteClock "00:02:16"]
[BlackClock "00:10:20"]
[WhiteTeam "Rheinland-Pfalz"]
[BlackTeam "Thüringen"]
[PlyCount "149"]
[WhiteFideId "12972355"]
[BlackFideId "16230060"]
[EventCountry "GER"]
[EventRounds "7"]
[EventType "team-swiss"]
[EventDate "2021.10.01"]

1. e4 {[%clk 1:30:53]} c6 {[%clk 1:30:45]} 2. Nc3 {[%clk 1:30:46]} d5 {[%clk
1:31:08]} 3. d4 {[%clk 1:30:12]} dxe4 {[%clk 1:31:30]} 4. Nxe4 {[%clk 1:30:35]}
Nf6 {[%clk 1:31:56]} 5. Nxf6+ {[%clk 1:30:45]} exf6 {[%clk 1:32:19]} 6. c3
{[%clk 1:31:01]} Bd6 {[%clk 1:32:42]} 7. Bd3 {[%clk 1:31:14]} O-O {[%clk
1:33:05]} 8. Qc2 {[%clk 1:30:51]} Re8+ {[%clk 1:33:27]} 9. Ne2 {[%clk 1:30:28]}
h5 {[%clk 1:33:48]} 10. O-O {[%clk 1:29:32]} h4 {[%clk 1:34:11]} 11. h3 {[%clk
1:29:33]} Nd7 {[%clk 1:34:35]} 12. Bf4 {[%clk 1:29:37]} Nf8 {[%clk 1:24:39]}
13. Bxd6 {[%clk 1:23:11]} Qxd6 {[%clk 1:25:01]} 14. Rfe1 {[%clk 1:22:07]} g6
{[%clk 1:24:03]} 15. Rad1 {[%clk 1:16:44]} Be6 {[%clk 1:13:43]} 16. c4 {[%clk
1:13:02]} Rad8 {[%clk 1:07:38]} 17. Nc3 {[%clk 1:11:54]} Qxd4 {[%clk 0:38:19]}
18. Bxg6 {[%clk 0:56:39]} Qf4 {[%clk 0:34:37]} 19. Rxd8 {[%clk 0:28:11]} Rxd8
{[%clk 0:35:00]} 20. Bd3 {[%clk 0:27:40]} Nd7 {[%clk 0:20:18]} 21. Re4 {[%clk
0:25:09]} Qg5 {[%clk 0:20:09]} 22. Rd4 {[%clk 0:10:43]} f5 {[%clk 0:18:29]} 23.
Be2 {[%clk 0:05:30]} Kg7 {[%clk 0:14:19]} 24. Qd1 {[%clk 0:05:01]} Kf8 {[%clk
0:08:52]} 25. Qa4 {[%clk 0:02:13]} a6 {[%clk 0:04:40]} 26. c5 {[%clk 0:02:18]}
Qc1+ {[%clk 0:04:45]} 27. Nd1 {[%clk 0:01:52]} Qxc5 {[%clk 0:05:01]} 28. Rxh4
{[%clk 0:01:59]} Qe5 {[%clk 0:05:28]} 29. Nc3 {[%clk 0:01:17]} b5 {[%clk
0:04:46]} 30. Qa3+ {[%clk 0:00:44]} c5 {[%clk 0:04:28]} 31. Qxa6 {[%clk
0:00:51]} b4 {[%clk 0:04:51]} 32. Nb5 {[%clk 0:00:52]} Kg7 {[%clk 0:04:15]} 33.
Qd6 {[%clk 0:00:37]} Qxe2 {[%clk 0:03:40]} 34. Qg3+ {[%clk 0:00:55]} Kf8 {[%clk
0:03:28]} 35. Qd6+ {[%clk 0:01:11]} Kg7 {[%clk 0:03:55]} 36. Qg3+ {[%clk
0:01:16]} Kf8 {[%clk 0:04:21]} 37. Rh8+ {[%clk 0:00:52]} Ke7 {[%clk 0:04:45]}
38. Qd6+ {[%clk 0:00:49]} Kf6 {[%clk 0:05:11]} 39. Rxd8 {[%clk 0:00:41]} Qxb5
{[%clk 0:05:36]} 40. g4 {[%clk 0:00:42]} fxg4 {[%clk 0:03:35]} 41. hxg4 {[%clk
0:27:59]} Qe2 {[%clk 0:31:24]} 42. Rxd7 {[%clk 0:23:25]} Qxg4+ {[%clk 0:31:46]}
43. Kf1 {[%clk 0:23:32]} Qc4+ {[%clk 0:29:28]} 44. Ke1 {[%clk 0:21:24]} Qc1+
{[%clk 0:28:27]} 45. Qd1 {[%clk 0:21:10]} Qxb2 {[%clk 0:27:48]} 46. Qf3+ {[%clk
0:19:16]} Kg7 {[%clk 0:27:57]} 47. Qg3+ {[%clk 0:18:29]} Kf6 {[%clk 0:27:40]}
48. Qf4+ {[%clk 0:17:49]} Kg6 {[%clk 0:27:15]} 49. Qe4+ {[%clk 0:11:42]} Kf6
{[%clk 0:26:01]} 50. Rd2 {[%clk 0:09:55]} Qc1+ {[%clk 0:25:43]} 51. Rd1 {[%clk
0:10:14]} Qc3+ {[%clk 0:26:00]} 52. Kf1 {[%clk 0:10:31]} Qc4+ {[%clk 0:25:57]}
53. Qe2 {[%clk 0:07:05]} Qxe2+ {[%clk 0:22:40]} 54. Kxe2 {[%clk 0:07:31]} Bxa2
{[%clk 0:23:05]} 55. Kd2 {[%clk 0:05:32]} Ke5 {[%clk 0:23:01]} 56. Kc2 {[%clk
0:04:49]} Bd5 {[%clk 0:22:49]} 57. Re1+ {[%clk 0:02:57]} Kd4 {[%clk 0:22:50]}
58. Rd1+ {[%clk 0:03:03]} Kc4 {[%clk 0:22:59]} 59. Kb2 {[%clk 0:03:27]} Be6
{[%clk 0:23:11]} 60. Rd8 {[%clk 0:02:39]} Bd5 {[%clk 0:21:53]} 61. Rh8 {[%clk
0:02:24]} Kd3 62. Rh3+ {[%clk 0:02:22]} Kd4 {[%clk 0:19:45]} 63. Rh4+ {[%clk
0:02:45]} Ke5 {[%clk 0:19:58]} 64. Rh8 {[%clk 0:03:02]} f5 {[%clk 0:18:24]} 65.
Rb8 {[%clk 0:02:50]} Kd4 {[%clk 0:16:38]} 66. Rf8 {[%clk 0:01:32]} c4 {[%clk
0:16:45]} 67. Rxf5 {[%clk 0:01:41]} c3+ {[%clk 0:17:09]} 68. Kc1 {[%clk
0:01:23]} b3 {[%clk 0:17:29]} 69. f3 {[%clk 0:00:52]} Bc4 {[%clk 0:17:35]} 70.
Rf4+ {[%clk 0:00:58]} Kd3 71. Rh4 {[%clk 0:00:48]} b2+ {[%clk 0:17:18]} 72. Kb1
{[%clk 0:01:12]} Bb3 {[%clk 0:10:06]} 73. Rh2 {[%clk 0:01:31]} Ke3 {[%clk
0:09:53]} 74. Rxb2 {[%clk 0:01:51]} cxb2 {[%clk 0:10:20]} 75. Kxb2 {[%clk
0:02:16]} 1/2-1/2

[Event "Deutsche Ländermeisterschaft 2021"]
[Site "Neumünster GER"]
[Date "2021.10.02"]
[Round "1"]
[White "Reucker, Friedrich"]
[Black "Hinrichs, Paul"]
[Result "0-1"]
[Termination "normal"]
[Board "5.3"]
[WhiteElo "2031"]
[BlackElo "2244"]
[WhiteClock "00:01:44"]
[BlackClock "00:07:53"]
[WhiteTeam "Thüringen"]
[BlackTeam "Rheinland-Pfalz"]
[PlyCount "58"]
[WhiteFideId "12993670"]
[BlackFideId "12942545"]
[EventCountry "GER"]
[EventRounds "7"]
[EventType "team-swiss"]
[EventDate "2021.10.01"]

1. Nf3 {[%clk 1:30:56]} d5 {[%clk 1:30:47]} 2. g3 {[%clk 1:31:11]} Nf6 {[%clk
1:28:51]} 3. Bg2 {[%clk 1:31:39]} Nbd7 {[%clk 1:29:03]} 4. d4 {[%clk 1:29:21]}
b5 {[%clk 1:27:06]} 5. a4 {[%clk 1:28:32]} b4 {[%clk 1:26:45]} 6. a5 {[%clk
1:28:55]} e6 {[%clk 1:26:29]} 7. O-O {[%clk 1:27:44]} Be7 {[%clk 1:25:56]} 8.
c4 {[%clk 1:21:58]} bxc3 {[%clk 1:26:06]} 9. bxc3 {[%clk 1:22:05]} Ba6 {[%clk
1:22:27]} 10. Ba3 {[%clk 1:11:15]} O-O {[%clk 1:19:49]} 11. Nbd2 {[%clk
1:07:32]} Rb8 {[%clk 1:13:46]} 12. Re1 {[%clk 0:57:49]} Bxa3 {[%clk 1:04:51]}
13. Rxa3 {[%clk 0:58:13]} Qe7 {[%clk 1:01:29]} 14. Ra2 {[%clk 0:48:54]} c5
{[%clk 0:50:57]} 15. e4 {[%clk 0:31:13]} Bd3 {[%clk 0:46:28]} 16. Ne5 {[%clk
0:26:56]} Nxe5 {[%clk 0:45:33]} 17. dxe5 {[%clk 0:27:24]} Nxe4 {[%clk 0:44:55]}
18. Nxe4 {[%clk 0:25:14]} Rb1 {[%clk 0:40:24]} 19. Qd2 {[%clk 0:24:55]} dxe4
{[%clk 0:39:10]} 20. Rb2 {[%clk 0:22:05]} Rxe1+ {[%clk 0:36:05]} 21. Qxe1
{[%clk 0:22:32]} Qg5 {[%clk 0:36:25]} 22. Rb7 {[%clk 0:16:39]} Qxe5 {[%clk
0:36:36]} 23. Rxa7 {[%clk 0:14:33]} Rd8 {[%clk 0:16:55]} 24. Rb7 {[%clk
0:10:01]} Ra8 {[%clk 0:11:09]} 25. Rd7 {[%clk 0:07:47]} c4 {[%clk 0:10:02]} 26.
a6 {[%clk 0:05:43]} f5 {[%clk 0:09:41]} 27. Qa1 {[%clk 0:01:58]} Qb5 {[%clk
0:07:37]} 28. Rd6 {[%clk 0:02:27]} Qc5 {[%clk 0:07:37]} 29. Rd7 {[%clk
0:01:44]} Qc6 {[%clk 0:07:53]} 0-1

[Event "Deutsche Ländermeisterschaft 2021"]
[Site "Neumünster GER"]
[Date "2021.10.02"]
[Round "1"]
[White "Reitz, Theresa"]
[Black "Nguyen, Ha Thanh"]
[Result "1-0"]
[Termination "normal"]
[Board "5.4"]
[WhiteElo "1848"]
[BlackElo "2001"]
[WhiteTeam "Rheinland-Pfalz"]
[BlackTeam "Thüringen"]
[PlyCount "87"]
[WhiteFideId "12971901"]
[BlackFideId "12942154"]
[EventCountry "GER"]
[EventRounds "7"]
[EventType "team-swiss"]
[EventDate "2021.10.01"]

1. Nf3 Nf6 2. g3 g6 3. Bg2 Bg7 4. d4 d5 5. O-O O-O 6. c4 c6 7. Nc3 Bf5 8. b3
Ne4 9. Bb2 Na6 10. Nh4 Nxc3 11. Bxc3 Be6 12. Qd3 f5 13. Nf3 Nc7 14. Ng5 Bc8 15.
Nh3 b6 16. Rac1 Ba6 17. Qc2 Ne6 18. e3 Rc8 19. Bb2 Qd7 20. Rfd1 Rfd8 21. Qe2
Nc7 22. Nf4 dxc4 23. bxc4 Nd5 24. Nd3 Nf6 25. Ne5 Qd6 26. Qc2 Bb7 27. Qb3 e6
28. c5 Qe7 29. cxb6 axb6 30. Ba3 Qe8 31. Qxb6 Ba8 32. Nxc6 Bxc6 33. Bxc6 Qf7
34. Bb7 Rb8 35. Rc7 Qe8 36. Re7 Qa4 37. Qxe6+ Kh8 38. Rd3 Qb5 39. Rb3 Qa5 40.
Rxg7 Kxg7 41. Qe7+ Kh6 42. Qxf6 Qe1+ 43. Kg2 Qa5 44. Bd6 1-0

[Event "Deutsche Ländermeisterschaft 2021"]
[Site "Neumünster GER"]
[Date "2021.10.02"]
[Round "1"]
[White "Bock, Marlon"]
[Black "Yue, Qizhou"]
[Result "1-0"]
[Termination "normal"]
[Board "5.5"]
[WhiteElo "1727"]
[BlackElo "1842"]
[WhiteClock "00:07:04"]
[BlackClock "00:07:43"]
[WhiteTeam "Thüringen"]
[BlackTeam "Rheinland-Pfalz"]
[PlyCount "107"]
[WhiteFideId "16244931"]
[BlackFideId "16273800"]
[EventCountry "GER"]
[EventRounds "7"]
[EventType "team-swiss"]
[EventDate "2021.10.01"]

1. d4 {[%clk 1:30:53]} Nf6 {[%clk 1:30:52]} 2. Nf3 {[%clk 1:31:05]} d5 {[%clk
1:29:54]} 3. e3 {[%clk 1:30:31]} Bf5 {[%clk 1:26:30]} 4. c4 {[%clk 1:26:51]} c6
{[%clk 1:24:35]} 5. Nc3 {[%clk 1:23:18]} e6 {[%clk 1:22:21]} 6. Be2 {[%clk
1:20:42]} Bd6 {[%clk 1:17:46]} 7. O-O {[%clk 1:15:47]} O-O {[%clk 1:13:39]} 8.
Ne5 {[%clk 1:06:35]} Ne4 {[%clk 0:55:56]} 9. f4 {[%clk 0:59:31]} f6 {[%clk
0:46:45]} 10. Nf3 {[%clk 0:56:26]} Nd7 {[%clk 0:37:17]} 11. Bd2 {[%clk
0:45:58]} Rc8 {[%clk 0:33:33]} 12. Rc1 {[%clk 0:41:33]} Bg6 {[%clk 0:29:26]}
13. Be1 {[%clk 0:36:28]} Re8 {[%clk 0:21:32]} 14. Bh4 {[%clk 0:33:13]} Be7
{[%clk 0:16:50]} 15. Qb3 {[%clk 0:28:20]} Qb6 {[%clk 0:15:16]} 16. Rfd1 {[%clk
0:22:10]} Qxb3 {[%clk 0:13:28]} 17. axb3 {[%clk 0:22:29]} Nxc3 {[%clk 0:13:23]}
18. bxc3 {[%clk 0:18:46]} a6 {[%clk 0:12:42]} 19. c5 {[%clk 0:16:45]} Bf8
{[%clk 0:12:14]} 20. Bg3 {[%clk 0:15:52]} Bf7 {[%clk 0:07:33]} 21. Rd2 {[%clk
0:13:52]} g6 {[%clk 0:07:33]} 22. c4 {[%clk 0:11:56]} Bg7 {[%clk 0:07:25]} 23.
b4 {[%clk 0:09:51]} e5 {[%clk 0:03:54]} 24. cxd5 {[%clk 0:07:22]} cxd5 {[%clk
0:02:03]} 25. b5 {[%clk 0:04:57]} exf4 {[%clk 0:01:59]} 26. exf4 {[%clk
0:04:47]} axb5 {[%clk 0:01:48]} 27. Bxb5 {[%clk 0:05:04]} Re7 {[%clk 0:01:43]}
28. Re1 {[%clk 0:04:43]} Rxe1+ {[%clk 0:01:54]} 29. Nxe1 {[%clk 0:04:53]} Nb8
{[%clk 0:01:44]} 30. Re2 {[%clk 0:03:18]} f5 {[%clk 0:01:40]} 31. Nf3 {[%clk
0:03:15]} Nc6 {[%clk 0:01:43]} 32. Bf2 {[%clk 0:02:46]} Ra8 {[%clk 0:01:38]}
33. Bxc6 {[%clk 0:02:33]} bxc6 {[%clk 0:01:51]} 34. h3 {[%clk 0:02:25]} Ra1+
{[%clk 0:01:24]} 35. Kh2 {[%clk 0:02:35]} Rd1 {[%clk 0:01:23]} 36. Re7 {[%clk
0:02:14]} Kf8 {[%clk 0:01:22]} 37. Rc7 {[%clk 0:02:22]} Rf1 {[%clk 0:01:01]}
38. Bh4 {[%clk 0:01:37]} Bh6 {[%clk 0:01:05]} 39. Bg5 {[%clk 0:01:35]} Bxg5
{[%clk 0:01:14]} 40. Nxg5 {[%clk 0:01:58]} Bg8 {[%clk 0:01:04]} 41. Nf3 {[%clk
0:01:32]} Ke8 {[%clk 0:20:26]} 42. Rxc6 {[%clk 0:29:23]} Kd7 {[%clk 0:20:16]}
43. Ne5+ {[%clk 0:29:03]} Kd8 {[%clk 0:20:25]} 44. Ra6 {[%clk 0:26:14]} Ke7
{[%clk 0:16:40]} 45. Ra7+ {[%clk 0:21:58]} Kf6 {[%clk 0:14:55]} 46. c6 {[%clk
0:20:34]} Rc1 {[%clk 0:13:57]} 47. c7 {[%clk 0:18:23]} Be6 {[%clk 0:13:45]} 48.
Nd3 {[%clk 0:15:08]} Rc6 {[%clk 0:11:41]} 49. Nb4 {[%clk 0:12:28]} Rc4 {[%clk
0:10:27]} 50. Ra6 {[%clk 0:09:54]} Kf7 {[%clk 0:08:40]} 51. Nc6 {[%clk
0:07:45]} Bc8 {[%clk 0:07:22]} 52. Ne5+ {[%clk 0:06:47]} Ke7 {[%clk 0:07:27]}
53. Nxc4 {[%clk 0:06:44]} Bxa6 {[%clk 0:07:43]} 54. Nb6 {[%clk 0:07:04]} 1-0

[Event "Deutsche Ländermeisterschaft 2021"]
[Site "Neumünster GER"]
[Date "2021.10.02"]
[Round "1"]
[White "Colditz, Elias"]
[Black "Aniol, Nico"]
[Result "1/2-1/2"]
[Termination "normal"]
[Board "5.6"]
[WhiteElo "1606"]
[BlackElo "1464"]
[WhiteClock "00:20:21"]
[BlackClock "00:49:12"]
[WhiteTeam "Rheinland-Pfalz"]
[BlackTeam "Thüringen"]
[PlyCount "82"]
[WhiteFideId "16298039"]
[BlackFideId "16287096"]
[EventCountry "GER"]
[EventRounds "7"]
[EventType "team-swiss"]
[EventDate "2021.10.01"]

1. e4 c5 {[%clk 1:30:41]} 2. Nf3 {[%clk 1:30:49]} Nc6 {[%clk 1:30:36]} 3. Bb5
{[%clk 1:30:57]} g6 {[%clk 1:29:56]} 4. O-O {[%clk 1:30:51]} Bg7 {[%clk
1:29:32]} 5. Re1 {[%clk 1:30:37]} Nh6 {[%clk 1:27:12]} 6. c3 {[%clk 1:25:57]}
O-O {[%clk 1:24:48]} 7. d4 {[%clk 1:19:47]} cxd4 {[%clk 1:21:02]} 8. cxd4
{[%clk 1:15:34]} Qb6 {[%clk 1:20:15]} 9. Bxc6 {[%clk 1:05:40]} dxc6 {[%clk
1:17:38]} 10. Nc3 {[%clk 0:58:11]} Bg4 {[%clk 1:12:45]} 11. Na4 {[%clk
0:54:17]} Qc7 {[%clk 1:04:43]} 12. h3 {[%clk 0:50:33]} Bxf3 {[%clk 1:01:55]}
13. Qxf3 {[%clk 0:50:45]} Qa5 {[%clk 0:59:54]} 14. Nc3 {[%clk 0:47:15]} f6
{[%clk 0:57:27]} 15. Be3 {[%clk 0:34:38]} Nf7 {[%clk 0:54:39]} 16. Qg4 {[%clk
0:33:07]} Qb4 {[%clk 0:46:03]} 17. Rab1 {[%clk 0:31:03]} Kh8 {[%clk 0:43:04]}
18. Rec1 {[%clk 0:21:16]} Rad8 {[%clk 0:34:56]} 19. Qe6 {[%clk 0:16:04]} Qd6
{[%clk 0:31:32]} 20. Qb3 {[%clk 0:15:03]} Qb8 {[%clk 0:30:45]} 21. Na4 {[%clk
0:14:52]} e5 {[%clk 0:29:20]} 22. dxe5 {[%clk 0:13:33]} Nxe5 {[%clk 0:27:24]}
23. Nc5 {[%clk 0:13:29]} b6 {[%clk 0:25:38]} 24. Ne6 {[%clk 0:12:47]} Rd3
{[%clk 0:26:06]} 25. Qc2 {[%clk 0:12:22]} Re8 {[%clk 0:25:46]} 26. Bf4 {[%clk
0:09:49]} Rd7 {[%clk 0:24:53]} 27. Nxg7 {[%clk 0:07:37]} Kxg7 {[%clk 0:24:44]}
28. Bxe5 {[%clk 0:07:34]} Qxe5 {[%clk 0:24:48]} 29. Qxc6 {[%clk 0:07:42]} Red8
{[%clk 0:24:32]} 30. g3 {[%clk 0:05:38]} Rd6 {[%clk 0:22:03]} 31. Qa4 {[%clk
0:05:06]} R6d7 {[%clk 0:20:34]} 32. Re1 {[%clk 0:04:42]} Qd4 {[%clk 0:19:37]}
33. Qxd4 {[%clk 0:03:40]} Rxd4 {[%clk 0:20:01]} 34. Kg2 {[%clk 0:03:44]} Rd2
{[%clk 0:19:23]} 35. Re3 {[%clk 0:03:10]} Rc2 {[%clk 0:19:18]} 36. Ra3 {[%clk
0:02:32]} Rdd2 {[%clk 0:19:06]} 37. Rxa7+ {[%clk 0:02:33]} Kh6 {[%clk 0:19:30]}
38. Rf1 {[%clk 0:02:41]} Rxb2 {[%clk 0:19:55]} 39. Rf7 {[%clk 0:01:57]} Rxa2
{[%clk 0:19:06]} 40. Rxf6 {[%clk 0:01:01]} Re2 {[%clk 0:18:49]} 41. Rxb6 {[%clk
0:20:21]} Rxe4 {[%clk 0:49:12]} 1/2-1/2

[Event "Deutsche Ländermeisterschaft 2021"]
[Site "Neumünster GER"]
[Date "2021.10.02"]
[Round "1"]
[White "Eichhorn, Mathilda"]
[Black "Müller, Riyanna"]
[Result "0-1"]
[Termination "normal"]
[Board "5.7"]
[WhiteElo "1329"]
[BlackElo "1505"]
[WhiteClock "00:04:24"]
[BlackClock "00:26:54"]
[WhiteTeam "Thüringen"]
[BlackTeam "Rheinland-Pfalz"]
[PlyCount "64"]
[WhiteFideId "16242289"]
[BlackFideId "16287401"]
[EventCountry "GER"]
[EventRounds "7"]
[EventType "team-swiss"]
[EventDate "2021.10.01"]

1. e4 {[%clk 1:30:30]} e5 {[%clk 1:30:30]} 2. Nf3 {[%clk 1:30:30]} Nc6 {[%clk
1:30:30]} 3. Bc4 {[%clk 1:30:53]} Bc5 {[%clk 1:30:41]} 4. c3 {[%clk 1:31:13]}
Nf6 {[%clk 1:30:51]} 5. d4 {[%clk 1:31:26]} exd4 {[%clk 1:30:30]} 6. cxd4
{[%clk 1:31:32]} Bb4+ {[%clk 1:29:45]} 7. Bd2 {[%clk 1:31:11]} Bxd2+ {[%clk
1:28:48]} 8. Nbxd2 {[%clk 1:31:19]} d5 {[%clk 1:28:04]} 9. exd5 {[%clk
1:30:24]} Nxd5 {[%clk 1:27:13]} 10. Qb3 {[%clk 1:29:33]} Na5 {[%clk 1:24:45]}
11. Qa4+ {[%clk 1:28:11]} Nc6 {[%clk 1:24:47]} 12. Qb3 {[%clk 1:28:09]} Nce7
{[%clk 1:25:08]} 13. O-O {[%clk 1:27:04]} O-O {[%clk 1:23:08]} 14. Rfe1 {[%clk
1:26:20]} Nb6 {[%clk 1:20:43]} 15. Qa3 {[%clk 1:05:34]} Nc6 {[%clk 1:17:47]}
16. Qb3 {[%clk 0:49:20]} Nxc4 {[%clk 1:07:02]} 17. Qxc4 {[%clk 0:48:07]} Be6
{[%clk 1:06:26]} 18. Qc3 {[%clk 0:47:57]} Qd7 {[%clk 0:59:34]} 19. Rad1 {[%clk
0:36:18]} f6 {[%clk 0:55:28]} 20. Nb3 {[%clk 0:28:21]} b6 {[%clk 0:50:40]} 21.
Rxe6 {[%clk 0:11:34]} Qxe6 {[%clk 0:42:17]} 22. d5 {[%clk 0:11:19]} Rad8 {[%clk
0:40:14]} 23. dxe6 {[%clk 0:08:59]} Rxd1+ {[%clk 0:40:34]} 24. Ne1 {[%clk
0:09:23]} Re8 {[%clk 0:40:31]} 25. Qe3 {[%clk 0:05:13]} Nb4 {[%clk 0:37:34]}
26. Qe2 {[%clk 0:04:51]} Rb1 {[%clk 0:37:26]} 27. Kf1 {[%clk 0:04:18]} a5
{[%clk 0:31:36]} 28. a3 {[%clk 0:03:48]} Nc6 {[%clk 0:27:36]} 29. Qc2 {[%clk
0:03:32]} Rxe1+ {[%clk 0:27:41]} 30. Kxe1 {[%clk 0:03:59]} Rxe6+ {[%clk
0:28:02]} 31. Kf1 {[%clk 0:04:21]} Kf8 {[%clk 0:27:20]} 32. Qxh7 {[%clk
0:04:24]} a4 {[%clk 0:26:54]} 0-1

[Event "Deutsche Ländermeisterschaft 2021"]
[Site "Neumünster GER"]
[Date "2021.10.02"]
[Round "1"]
[White "Huang, Luca Hanson"]
[Black "Blaufuß, Lena"]
[Result "1-0"]
[Termination "normal"]
[Board "5.8"]
[WhiteElo "1519"]
[BlackElo "1182"]
[WhiteClock "00:33:48"]
[BlackClock "00:01:00"]
[WhiteTeam "Rheinland-Pfalz"]
[BlackTeam "Thüringen"]
[PlyCount "63"]
[WhiteFideId "16279182"]
[BlackFideId "34610642"]
[EventCountry "GER"]
[EventRounds "7"]
[EventType "team-swiss"]
[EventDate "2021.10.01"]

1. e4 {[%clk 1:30:54]} e5 {[%clk 1:30:48]} 2. Nf3 {[%clk 1:31:01]} Nc6 {[%clk
1:30:33]} 3. Bc4 {[%clk 1:31:06]} Nf6 {[%clk 1:28:36]} 4. d3 {[%clk 1:31:16]}
Bc5 {[%clk 1:28:17]} 5. c3 {[%clk 1:31:04]} a6 {[%clk 1:26:20]} 6. O-O {[%clk
1:30:35]} O-O {[%clk 1:26:05]} 7. Nbd2 {[%clk 1:30:16]} d6 {[%clk 1:25:21]} 8.
Bb3 {[%clk 1:30:05]} Bg4 {[%clk 1:23:27]} 9. h3 {[%clk 1:29:32]} Bh5 {[%clk
1:22:46]} 10. Re1 {[%clk 1:27:45]} Re8 {[%clk 1:20:14]} 11. Nf1 {[%clk
1:27:39]} Ne7 {[%clk 1:16:07]} 12. Ng3 {[%clk 1:26:44]} Bg6 {[%clk 1:11:48]}
13. Nh2 {[%clk 1:24:23]} c6 {[%clk 1:06:40]} 14. d4 {[%clk 1:17:59]} Bb6 {[%clk
1:01:14]} 15. Bc2 {[%clk 1:14:59]} a5 {[%clk 0:53:40]} 16. Be3 {[%clk 1:14:06]}
Qc7 {[%clk 0:47:49]} 17. Qf3 {[%clk 1:07:17]} Nd7 {[%clk 0:38:12]} 18. Rac1
{[%clk 0:59:20]} c5 {[%clk 0:33:04]} 19. d5 {[%clk 0:58:03]} c4 {[%clk
0:29:19]} 20. Ba4 {[%clk 0:53:53]} Bxe3 {[%clk 0:24:02]} 21. Rxe3 {[%clk
0:52:45]} Rab8 {[%clk 0:20:26]} 22. Bxd7 {[%clk 0:50:34]} Qxd7 {[%clk 0:20:02]}
23. Ng4 {[%clk 0:46:42]} Rf8 {[%clk 0:15:58]} 24. Re2 {[%clk 0:36:44]} h6
{[%clk 0:10:49]} 25. Ne3 {[%clk 0:36:28]} b5 {[%clk 0:08:24]} 26. Nef5 {[%clk
0:36:11]} a4 {[%clk 0:04:58]} 27. a3 {[%clk 0:35:33]} Rb7 {[%clk 0:04:43]} 28.
Nxe7+ {[%clk 0:34:43]} Qxe7 {[%clk 0:04:23]} 29. Nf5 {[%clk 0:34:52]} Bxf5
{[%clk 0:02:55]} 30. exf5 {[%clk 0:34:48]} Qf6 {[%clk 0:01:59]} 31. g4 {[%clk
0:34:13]} g5 {[%clk 0:01:00]} 32. Kh2 {[%clk 0:33:48]} 1-0

[Event "Deutsche Ländermeisterschaft 2021"]
[Site "Neumünster GER"]
[Date "2021.10.02"]
[Round "1"]
[White "Färber, David"]
[Black "Degenhard, Simon"]
[Result "1-0"]
[Termination "normal"]
[Board "6.1"]
[BlackTitle "FM"]
[WhiteElo "2318"]
[BlackElo "2220"]
[WhiteClock "00:01:08"]
[BlackClock "00:04:39"]
[WhiteTeam "Baden"]
[BlackTeam "Württemberg"]
[PlyCount "79"]
[WhiteFideId "12971294"]
[BlackFideId "12944017"]
[EventCountry "GER"]
[EventRounds "7"]
[EventType "team-swiss"]
[EventDate "2021.10.01"]

1. e4 {[%clk 1:30:52]} e5 {[%clk 1:30:50]} 2. Nf3 {[%clk 1:30:59]} Nc6 {[%clk
1:30:47]} 3. Bb5 {[%clk 1:31:22]} a6 {[%clk 1:31:09]} 4. Ba4 {[%clk 1:31:41]}
Nf6 {[%clk 1:31:30]} 5. O-O {[%clk 1:31:52]} b5 {[%clk 1:31:38]} 6. Bb3 {[%clk
1:32:15]} Bb7 {[%clk 1:32:00]} 7. d3 {[%clk 1:32:39]} Be7 {[%clk 1:30:57]} 8.
c4 {[%clk 1:32:57]} O-O {[%clk 1:16:34]} 9. Nc3 {[%clk 1:33:18]} b4 {[%clk
1:12:12]} 10. Nd5 {[%clk 1:33:00]} d6 {[%clk 1:05:45]} 11. Bd2 {[%clk 1:21:27]}
a5 {[%clk 1:02:47]} 12. a3 {[%clk 1:21:31]} bxa3 {[%clk 1:03:06]} 13. bxa3
{[%clk 1:11:18]} Nd7 {[%clk 0:57:53]} 14. Ba4 {[%clk 1:00:08]} Nc5 {[%clk
0:48:57]} 15. Rb1 {[%clk 0:59:15]} Nd4 {[%clk 0:47:37]} 16. Bc2 {[%clk
0:41:56]} Bc6 {[%clk 0:39:48]} 17. Be3 {[%clk 0:36:05]} Bf6 {[%clk 0:39:03]}
18. h3 {[%clk 0:26:22]} Re8 {[%clk 0:36:55]} 19. Re1 {[%clk 0:14:48]} h6 {[%clk
0:36:52]} 20. Nc3 {[%clk 0:13:34]} Qd7 {[%clk 0:31:17]} 21. Nd5 {[%clk
0:13:00]} Qd8 {[%clk 0:23:42]} 22. Nxd4 {[%clk 0:12:05]} exd4 {[%clk 0:23:33]}
23. Bd2 {[%clk 0:11:38]} Bxd5 {[%clk 0:18:58]} 24. cxd5 {[%clk 0:09:02]} Qd7
{[%clk 0:18:13]} 25. Qg4 {[%clk 0:07:48]} Qxg4 {[%clk 0:14:10]} 26. hxg4 {[%clk
0:08:12]} g5 {[%clk 0:09:08]} 27. g3 {[%clk 0:07:42]} c6 {[%clk 0:08:49]} 28.
Rb6 {[%clk 0:05:13]} Rec8 {[%clk 0:07:08]} 29. Rxc6 {[%clk 0:05:02]} Rxc6
{[%clk 0:07:08]} 30. dxc6 {[%clk 0:05:27]} Kf8 {[%clk 0:06:28]} 31. c7 {[%clk
0:04:46]} Rc8 {[%clk 0:03:40]} 32. Bxa5 {[%clk 0:04:12]} Ne6 {[%clk 0:03:46]}
33. Rc1 {[%clk 0:02:16]} Nxc7 {[%clk 0:04:08]} 34. Bd1 {[%clk 0:02:14]} Bd8
{[%clk 0:04:26]} 35. Bb6 {[%clk 0:02:00]} Ke7 {[%clk 0:04:42]} 36. Bxd4 {[%clk
0:02:05]} Ra8 {[%clk 0:05:03]} 37. a4 {[%clk 0:02:06]} d5 {[%clk 0:04:59]} 38.
exd5 {[%clk 0:01:55]} Nxd5 {[%clk 0:05:15]} 39. Bf3 {[%clk 0:01:16]} Rxa4
{[%clk 0:04:39]} 40. Bc5+ {[%clk 0:01:08]} 1-0